000
00251nam a22000857a 4500
008
161122b xxu||||| |||| 00| 0 eng d
100
_9
1324
_a
Gupta. S
245
_a
Essential english grammer & composition - 4
260
_a
New delhi
_b
Navdeep publications
_c
2004
999
_c
4036
_d
4036